000 00859nam a2200277 a 4500
001 60623
003 BD-RjUL
005 20211209080850.0
008 170102s1977 enk b 001 0 eng
020 _a0333214099 (hdback)
020 _a0333214102 (pback)
035 _a(BD-RjUL)60747
040 _aDLC
_cDLC
_dDLC
_dBD-RjUL
_beng
041 _aeng
082 0 0 _223
_a332.6322
_bFIV 1977
100 1 _aFirth, Michael
_9180589
245 1 4 _aThe valuation of Shares and the efficient-markets theory /
_cMichael Firth.
260 _aLondon :
_bMacmillan,
_c1977
300 _aviii, 184 p. :
_bill. ;
_c23 cm.
490 0 _aStudies in finance and accounting
504 _aIncludes index.
650 0 _aStock exchanges.
_9173897
650 0 _aCapital assets pricing model.
_9180590
830 _aStudies in finance and accounting
_9180592
942 _2ddc
_cBK
999 _c60623
_d60623